02585nam a22003737a 4500003000900000008004100009040007100050082002400121110007400145245010500219260007200324300004600396440008600442505117700528650002901705650002401734650001001758650002401768650002301792650002401815700002701839700001501866700002401881700003001905700003101935700001601966700001901982700002502001700003602026700003402062700003802096700002202134710005502156AR-CdUCM190425b ||||| |||| 00| 0 spa d aMUNICIPALIDAD PROVINCIAL DEL CUSCOcBIBLIOTECA MUNICIPAL DEL CUSCO aRev.DIMA/N°25/1995 aInstituto y Museo Arqueológico de la Universidad Nacional del Cuzco aRevista del Museo e Instituto de Arqueología /cUniversidad Nacional de San Antonio Abad del Cusco aCusco :bUniversidad Nacional de San Antonio Abad del Cusco,c1995. a373 páginas. :bilustraciones ;c21 cm. aRevista del Museo e Instituto de Arqueología - Museo Inka.nN°25, Año 1995. aContenido: El Museo de la Universidad. -- La restauración del Palacio del Almirante, una visión retrospectiva. Roberto Samanez Argumedo. -- Inventario del Museo e Instituto de Arqueología de la UNSAAC. -- Las Kanchas en la Raya. -- Técnología de cantería Inka, Huaqoto. -- Arquitectura y ocupación Inka temprana en Warq´ana sector Kuchuy Qosqo provincia de Calca Cusco. Derechos a las tierras en el Tawantinsuyu. -- Los Incas no reales.-- Tres temas pintados en qeros incas de los siglos XVII-XVIII. - - Keros coloniales y el naufragio de Nuestra Señora de Atocha el problema de la cronología y el estilo heterogéneo. -- El cultivo de la coca en un qero colonial. -- El ocaso de los cocales de Paucartambo. -- La tiklla técnica andina en extinción. -- Cambio y permanencia en las alturas del Perú. -- El oro de Madre de Dios indios, colonos y empresas. El concepto cíclico en dos cuentos andinos. -- El concepto de energía vital entre pastores andinos. -- El Inka vive. -- Preparando un Inka. -- Etnografía y novelística un caso ejemplar de colaboración. La documentación prestada por la ciudad del Cuzco sobre el terremoto de 1650. aArqueología cusqueña aTecnología andina aInkas aReligiosidad andina aArte e ideología aEtnohistoria andina aJean Julien, Catherine aRowe, John aFlores Ochoa, Jorge aSamanez Argumedo, Roberto aValencia Espinoza, Abraham aMurra, John aLyon, Patricia aParedes Pando, Oscar aValderrama Fernández, Ricardo aEscalante Gutiérrez, Carmen aNúñez del Prado Béjar, Juan aTomoeda, Hiroyasu aUniversidad Nacional de San Antonio Abad del Cusco